书目信息 |
| 题名: |
化学热力学基础
|
|
| 作者: | 李大珍 编 | |
| 分册: | ||
| 出版信息: | 北京 北京师范大学出版社 1982 |
|
| 页数: | 369页 | |
| 开本: | 19cm | |
| 丛书名: | ||
| 单 册: | ||
| 中图分类: | O642.1 | |
| 科图分类: | ||
| 主题词: | 化学热力学 | |
| 电子资源: | ||
| ISBN: | ||
| 000 | 00621nam0 2200241 45 | |
| 001 | 0182005173 | |
| 005 | 20040706091910.9 | |
| 010 | @dCNY1.25 | |
| 091 | @a13243.22 | |
| 100 | @a19950421d1982 em y0chiy0121 ea | |
| 101 | 0 | @achi |
| 102 | @aCN@b110000 | |
| 105 | @ay z 000yy | |
| 106 | @ar | |
| 200 | 10 | @a化学热力学基础@Ahua xue re li xue ji chu@f李大珍编 |
| 210 | @a北京@c北京师范大学出版社@d1982 | |
| 215 | @a369页@d19cm | |
| 606 | @a化学热力学 | |
| 690 | @aO642.1@v3 | |
| 701 | 0 | @a李大珍@Ali da zhen@4编 |
| 801 | 0 | @aCN@b上海图书馆@c20040706 |
| 801 | 2 | @aCN@bNLC@c20040706 |
| 905 | @f1@b88226@dO642.1@e15 | |
| 化学热力学基础/李大珍编.-北京:北京师范大学出版社,1982 |
| 369页;19cm |
| ISBN :CNY1.25 |
| ● |
| 相关链接 |
|
|
|
|
正题名:化学热力学基础
索取号:O642.1/15
 
预约/预借
| 序号 | 登录号 | 条形码 | 馆藏地/架位号 | 状态 | 备注 |
| 1 | 0088226 | 001939610 | 第三借阅区/ [索取号:O642.1/15] | 在馆 | |
| 2 | 0088227 | 202105587 | 第二样本阅览室/ [索取号:O642.1/15] | 在馆 |